|
|
|
|
| LEADER |
00000naa2a2200000 4500 |
| 001 |
96899 |
| 005 |
20240914063122.0 |
| 035 |
|
|
|a (RuTPU)RU\TPU\book\103773
|
| 090 |
|
|
|a 96899
|
| 100 |
|
|
|a 20060519d2005 k y0rusy50 ca
|
| 101 |
0 |
|
|a rus
|
| 102 |
|
|
|a RU
|
| 200 |
1 |
|
|a Дневниковая природа пушкинского "Современника" (к вопросу о межкультурных связях)
|f Т. Б. Фрик
|g науч. рук. А. С. Янушкевич
|
| 320 |
|
|
|a Библиогр.: 5 назв.
|
| 461 |
|
1 |
|0 (RuTPU)RU\TPU\book\118366
|t Коммуникативные аспекты языка и культуры
|o сборник материалов V Всероссийской научно-практической конференции студентов, аспирантов и молодых ученых
|f Томский политехнический университет (ТПУ), Институт языковой коммуникации (ИЯК)
|d 2005
|
| 463 |
|
0 |
|0 (RuTPU)RU\TPU\book\98439
|t Ч. 2
|v С. 28-36.
|d 2005
|p 252 с.
|
| 600 |
|
1 |
|a Пушкин
|b А. С.
|c российский поэт
|c писатель
|f 1799-1837
|g Александр Сергеевич
|7 ca
|8 rus
|2 stltpui
|3 (RuTPU)RU\TPU\pers\1026
|9 453
|
| 610 |
1 |
|
|a литературные дневники
|
| 610 |
1 |
|
|a межкультурные связи
|
| 610 |
1 |
|
|a природа
|
| 610 |
1 |
|
|a дневники
|
| 610 |
1 |
|
|a русская литература
|
| 610 |
1 |
|
|a дневниковые записи
|
| 610 |
1 |
|
|a историческая память
|
| 610 |
1 |
|
|a труды учёных ТПУ
|
| 700 |
|
1 |
|a Фрик
|b Т. Б.
|c филолог
|c доцент Томского политехнического университета, кандидат филологических наук
|f 1979-
|g Татьяна Борисовна
|3 (RuTPU)RU\TPU\pers\24603
|9 10893
|
| 702 |
|
1 |
|a Янушкевич
|b А. С.
|4 727
|
| 801 |
|
1 |
|a RU
|b 63413507
|c 20060519
|g PSBO
|
| 801 |
|
2 |
|a RU
|b 63413507
|c 20150206
|g RCR
|
| 942 |
|
|
|c BK
|